|
|
|
|
| LEADER |
01537nam a22003497a 4500 |
| 001 |
36777 |
| 003 |
BD-DhAAL |
| 005 |
20211222163734.0 |
| 008 |
191205t2018 enka o 000 0 eng d |
| 999 |
|
|
|c 40844
|d 40844
|
| 020 |
|
|
|a 9781788839044
|
| 020 |
|
|
|a 9781788838672
|
| 020 |
|
|
|a 178883867X
|
| 040 |
|
|
|a BD-DhAAL
|
| 082 |
|
|
|a 332.178
|2 23
|
| 100 |
|
|
|a Bashir, Imran
|9 38065
|
| 245 |
|
|
|a Mastering blockchain :
|b distributed ledger technology, decentralization and smart contracts explained /
|c Imran Bashir.
|
| 246 |
|
|
|a Distributed ledger technology, decentralization and smart contracts explained
|
| 250 |
|
|
|a Second edition
|
| 260 |
|
|
|a Birmingham, UK :
|b Packt Publishing Ltd.,
|c 2018.
|
| 300 |
|
|
|a xvi, 633 pages :
|b illustrations ;
|c 24 cm.
|
| 500 |
|
|
|a Includes index.
|
| 526 |
|
|
|a CSE
|
| 541 |
|
|
|a Book Finder International
|e 36777, 36778
|
| 650 |
|
|
|a Electronic funds transfers.
|9 38066
|
| 650 |
|
|
|a Blockchains (Databases).
|9 38067
|
| 650 |
|
|
|a Bitcoin.
|9 38068
|
| 650 |
|
|
|a Computer science.
|9 38069
|
| 852 |
|
|
|a Ayesha Abed Library
|c General Stacks
|
| 942 |
|
|
|2 ddc
|c BK
|
| 952 |
|
|
|0 0
|1 0
|2 ddc
|4 0
|6 332_178000000000000_BAS
|7 0
|9 67328
|a BRACUL
|b BRACUL
|c GEN
|d 2019-12-02
|e Book Finder International
|g 3550.00
|l 9
|m 85
|o 332.178 BAS
|p 3010036778
|q 2026-06-02
|r 2026-03-28
|s 2026-03-28
|t 2
|v 3550.00
|w 2019-12-02
|y BK
|
| 952 |
|
|
|0 0
|1 0
|2 ddc
|4 0
|6 332_178000000000000_BAS
|7 0
|9 67329
|a BRACUL
|b BRACUL
|c GEN
|d 2019-12-02
|e Book Finder International
|g 3550.00
|l 8
|m 62
|o 332.178 BAS
|p 3010036777
|r 2025-12-13
|s 2024-09-23
|t 1
|v 3550.00
|w 2019-12-02
|y BK
|